|
|
|
|
| LEADER |
00000naa2a2200000 4500 |
| 001 |
235571 |
| 005 |
20260105105721.0 |
| 035 |
|
|
|a (RuTPU)RU\TPU\book\256709
|
| 035 |
|
|
|a RU\TPU\book\256708
|
| 090 |
|
|
|a 235571
|
| 100 |
|
|
|a 20130411d2013 k||y0rusy50 ca
|
| 101 |
0 |
|
|a rus
|
| 102 |
|
|
|a RU
|
| 135 |
|
|
|a drcn ---uucaa
|
| 181 |
|
0 |
|a i
|
| 182 |
|
0 |
|a b
|
| 200 |
1 |
|
|a Технологии получения порошков
|f Е. А. Дрофа
|
| 203 |
|
|
|a Текст
|c электронный
|
| 225 |
1 |
|
|a Технологии наноматериалов и материалов нового поколения
|
| 300 |
|
|
|a Заглавие с титульного экрана
|
| 320 |
|
|
|a [Библиогр.: с. 153 (6 назв.)]
|
| 337 |
|
|
|a Adobe Reader
|
| 461 |
|
1 |
|0 (RuTPU)RU\TPU\book\256460
|t Высокие технологии в современной науке и технике
|o сборник научных трудов II Всероссийской научно-технической конференции молодых ученых, аспирантов и студентов с международным участием, Томск, 27-29 марта 2013 г
|o в 2 т.
|f Национальный исследовательский Томский политехнический университет (ТПУ)
|d 2013
|
| 463 |
|
1 |
|0 (RuTPU)RU\TPU\book\256463
|t Т. 1
|v [С. 151-153]
|d 2013
|
| 610 |
1 |
|
|a труды учёных ТПУ
|
| 610 |
1 |
|
|a электронный ресурс
|
| 610 |
1 |
|
|a технологии
|
| 610 |
1 |
|
|a получение
|
| 610 |
1 |
|
|a порошки
|
| 700 |
|
1 |
|a Дрофа
|b Е. А.
|
| 801 |
|
2 |
|a RU
|b 63413507
|c 20131118
|g RCR
|
| 856 |
4 |
|
|u http://www.lib.tpu.ru/fulltext/c/2013/C17/V1/039.pdf
|
| 942 |
|
|
|c CF
|